00535nam a2200145Ia 4500008004100000082001500041100001800056245007200074260003900146630001800185650005000203942000900253952011200262999001500374211109s9999||||xx |||||||||||||| ||und|| a825bBUR-S aBurke, Edmund 0aSpeeches on American Taxation, Conciliation and Letter to the Sheri bNATIONAL BOOKSTALLaKottayamc1900 xGeneral Stack aENGLISH LITERATUREvSPEECHLITERATURExEnglish cBOOK 00104070aSBCLbSBCLc2d2021-11-09g50.00l0o825 BUR-Sp00006855r2021-11-09 00:00:00w2021-11-09yBOOK c6374d6374